Review of the cod net fishing in the Moray firth (Record no. 23344)
[ view plain ]
| 000 -LEADER | |
|---|---|
| fixed length control field | 00935cam a22002531 4500 |
| 001 - CONTROL NUMBER | |
| control field | f 33000049 |
| 003 - CONTROL NUMBER IDENTIFIER | |
| control field | DLC |
| 005 - DATE AND TIME OF LATEST TRANSACTION | |
| control field | 20260227111250.0 |
| 008 - FIXED-LENGTH DATA ELEMENTS--GENERAL INFORMATION | |
| fixed length control field | 920605s1928 stkad f000 0 eng c |
| 010 ## - LIBRARY OF CONGRESS CONTROL NUMBER | |
| LC control number | f 33000049 |
| 035 ## - SYSTEM CONTROL NUMBER | |
| System control number | (OCoLC)25957670 |
| 040 ## - CATALOGING SOURCE | |
| Original cataloging agency | Library, U.S. Bur. of Fisheries |
| Transcribing agency | CSt |
| Modifying agency | DLC |
| -- | WaU |
| 042 ## - AUTHENTICATION CODE | |
| Authentication code | premarc |
| 050 00 - LIBRARY OF CONGRESS CALL NUMBER | |
| Classification number | SH259 |
| Item number | .A24 1928 no. 1 |
| 100 1# - MAIN ENTRY--PERSONAL NAME | |
| Personal name | Bowman, Alexander. |
| 245 10 - TITLE STATEMENT | |
| Title | Review of the cod net fishing in the Moray firth |
| Remainder of title | (with 6 figures) |
| Statement of responsibility, etc. | by Alexander Bowman ... |
| 260 ## - PUBLICATION, DISTRIBUTION, ETC. | |
| Place of publication, distribution, etc. | Edinburgh, |
| Name of publisher, distributor, etc. | H.M. Stationery Off., |
| Date of publication, distribution, etc. | 1928. |
| 300 ## - PHYSICAL DESCRIPTION | |
| Extent | 26 p. incl. tables, diagrs., chart. |
| Dimensions | 27 cm. |
| 490 0# - SERIES STATEMENT | |
| Series statement | Scotland. Fishery Board. Scientific investigations, |
| Volume/sequential designation | 1928, no. I |
| 500 ## - GENERAL NOTE | |
| General note | At head of title: ... Fishery Board for Scotland. |
| 650 #0 - SUBJECT ADDED ENTRY--TOPICAL TERM | |
| Topical term or geographic name entry element | Atlantic cod fisheries |
| Geographic subdivision | Scotland |
| -- | Moray Firth. |
| 650 #0 - SUBJECT ADDED ENTRY--TOPICAL TERM | |
| Topical term or geographic name entry element | Fishing |
| Geographic subdivision | Scotland |
| -- | Moray Firth. |
| 740 0# - ADDED ENTRY--UNCONTROLLED RELATED/ANALYTICAL TITLE | |
| Uncontrolled related/analytical title | Cod net fishing in the Moray firth. |
No items available.